| 000 | 00900nas a2200301 4500 | ||
|---|---|---|---|
| 001 | BR2016004289 | ||
| 003 | BR-BrBNA | ||
| 005 | 20231205130749.0 | ||
| 007 | ta | ||
| 008 | 230509b bl.|||p| |||| 00| 00por d | ||
| 040 |
_aBR-BrBNA _bpor _cBiblioteca Nacional de Agricultura |
||
| 041 | _a(Es) | ||
| 072 | _aQ02 | ||
| 100 | 1 | _aRojas, R. | |
| 100 | 1 | _aVicente, A.A. | |
| 100 | 1 | _aAguilar, C.N. | |
| 245 | 1 | _aAvances em la conservación de frutas y verduras con revestimientos bioactivos | |
| 650 | _aFRUTA | ||
| 650 | _aVERDURA | ||
| 650 | _aHORTALIÇA | ||
| 650 | _aPRESERVAÇÃO DE ALIMENTO | ||
| 650 | _aADITIVO | ||
| 650 | _aEMBALAGEM | ||
| 650 | _aBIOFILME | ||
| 773 | 0 |
_tBoletim do Centro de Pesquisa e Processamento de Alimentos (Brazil) _xISSN 0102-0323 _g(Jul-Dec 2015), v. 33(2) p. 43-56 _wBR2016004289 |
|
| 909 |
_a202311 _bLúcia _c55 _dLúcia Elande |
||
| 942 |
_2AGRIS _n0 _cANA |
||
| 999 |
_c251092 _d251092 |
||